[Event "Milivoj Petrov Memorial"]
[Site "Pancevo"]
[Date "2002.07.02"]
[Round "9"]
[White "Rajkovic, Dusan"]
[Black "Micic, Cedomir"]
[Result "1/2-1/2"]
[WhiteElo "2501"]
[BlackElo "2411"]
[PlyCount "134"]
[EventDate "2002.06.24"]
[EventType "tourn"]
[EventRounds "11"]
[EventCountry "YUG"]
[EventCategory "8"]
[SourceTitle "CBM 089 Extra"]
[Source "ChessBase"]
[SourceDate "2002.09.10"]
[SourceVersion "2"]
[SourceVersionDate "2002.09.10"]
[SourceQuality "1"]

1. d4 Nf6 2. c4 g6 3. Nc3 Bg7 4. e4 d6 5. f3 0-0 6. Bg5 Nc6 7. Nge2 a6 8. Qd2 e5 9. d5 Nd4 10. Nxd4 exd4 11. Qxd4 h6 12. Bxf6 Bxf6 13. Qd2 c5 14. Bd3 Bd7 15. 0-0 Rb8 16. a4 Bd4+ 17. Kh1 Qh4 18. f4 Rbe8 19. Ne2 Bg7 20. Ng1 Qd8 21. Nf3 Bg4 22. Ng1 f5 23. exf5 gxf5 24. h3 Bh5 25. Rae1 Qf6 26. Be2 Bg6 27. b3 Qc3 28. Qxc3 Bxc3 29. Rd1 Kg7 30. Rd3 Bb4 31. Rff3 Re7 32. Rde3 Rfe8 33. Rxe7+ Rxe7 34. Rd3 Be1 35. Bf3 Bf2 36. Ne2 Re3 37. Rxe3 Bxe3 38. g3 Be8 39. Kg2 Kf6 40. Kf1 Bd2 41. Ng1 b5 42. axb5 axb5 43. cxb5 Bxb5+ 44. Be2 Be8 45. Nf3 Bc3 46. Ne1 Bf7 47. Bf3 Be8 48. Nc2 Bb5+ 49. Be2 Be8 50. Bd3 Bd7 51. Ke2 Ba5 52. Ne3 Bc7 53. g4 fxg4 54. hxg4 Bd8 55. Kf3 Be7 56. Ba6 Bf8 57. Nc4 Be8 58. Nd2 Bg6 59. f5 Bf7 60. Ke4 h5 61. Be2 hxg4 62. Bxg4 Be8 63. Nc4 Kg5 64. Bh3 Bh5 65. Ne3 Bg7 66. Bf1 Be5 67. Bc4 Kf6 1/2-1/2